| 000 | 00374nam a2200145Ia 4500 | ||
|---|---|---|---|
| 008 | 231207s9999 xx 000 0 und d | ||
| 041 | _aeng | ||
| 082 | _a658.40/JAW | ||
| 100 | _aW.S. Jawadekar | ||
| 245 | _aManagement information System | ||
| 250 | _a2005, 2nd Edition | ||
| 260 | _bTata mc graw hill Delhi | ||
| 300 | _aPB/726 | ||
| 650 | _aComnputer Program Language | ||
| 999 |
_c946537 _d946537 |
||